বাণিজ্যিক ও শিল্প আইন / (Record no. 82540)
[ view plain ]
| 000 -LEADER | |
|---|---|
| fixed length control field | 01022nam a2200241 a 4500 |
| 001 - CONTROL NUMBER | |
| control field | 82540 |
| 003 - CONTROL NUMBER IDENTIFIER | |
| rucl marc code | BD-RjUL |
| 005 - DATE AND TIME OF LATEST TRANSACTION | |
| control field | 20231226113134.0 |
| 008 - FIXED-LENGTH DATA ELEMENTS--GENERAL INFORMATION | |
| fixed length control field | 231226s1973 ii ||||| |||| 00| 0 ben d |
| 035 ## - SYSTEM CONTROL NUMBER | |
| System control number | (BD-RjUL)82540 |
| 040 ## - CATALOGING SOURCE | |
| Original cataloging agency | BD-RjUL |
| Language of cataloging | eng |
| Transcribing agency | BD-RjUL |
| 041 ## - LANGUAGE CODE | |
| Language code of text/sound track or separate title | ben |
| 082 ## - DEWEY DECIMAL CLASSIFICATION NUMBER | |
| Edition number | 23 |
| Classification number | 346.07 |
| Author mark and year | SEB 1973 |
| 100 ## - MAIN ENTRY--PERSONAL NAME | |
| Personal name | সেন, অরুনকুমার |
| 9 (RLIN) | 10695 |
| 245 ## - TITLE STATEMENT | |
| Title | বাণিজ্যিক ও শিল্প আইন / |
| Statement of responsibility, etc. | অরুনকুমার সেন এবং জিতেন্দ্রকুমার মিত্র |
| 250 ## - EDITION STATEMENT | |
| Edition statement | ৫ম সং. |
| 260 ## - PUBLICATION, DISTRIBUTION, ETC. (IMPRINT) | |
| Place of publication, distribution, etc. | [কলিকাতা] : |
| Name of publisher, distributor, etc. | [কলিকাতা ওয়ার্ল্ড প্রেস] |
| Date of publication, distribution, etc. | ১৯৭৩ |
| 300 ## - PHYSICAL DESCRIPTION | |
| Pagination | ৫৮২ পৃ.; |
| Size | ২২ সেমি. |
| 650 ## - SUBJECT ADDED ENTRY--TOPICAL TERM | |
| Topical term or geographic name as entry element | বাণিজ্যিক আইন এবং শিল্প আইন |
| 9 (RLIN) | 10696 |
| Topical term or geographic name as entry element | Commercial law & industrial law |
| 9 (RLIN) | 10697 |
| 700 ## - ADDED ENTRY--PERSONAL NAME | |
| Personal name | মিত্র, জিতেন্দ্রকুমার |
| 942 ## - ADDED ENTRY ELEMENTS (KOHA) | |
| Source of classification or shelving scheme | Dewey Decimal Classification |
| Koha item type | Books |
| Lost status | Source of classification or shelving scheme | Damaged status | Not for loan | Collection code | Permanent Location | Current Location | Shelving location | Date acquired | Total Checkouts | Full call number | Date last seen | Copy number | Koha item type |
|---|---|---|---|---|---|---|---|---|---|---|---|---|---|
| Dewey Decimal Classification | Not For Loan | Non-fiction | Central Library, University of Rajshahi | Central Library, University of Rajshahi | Reading Room | 12/05/1984 | B 346.07 SEB 1973 | 26/12/2023 | C-1 | Books |